The lost universe : Pawnee life and culture /

Bibliographic Details
Main Author: Weltfish, Gene, 1902-1980
Format: Book
Language:English
Published: Lincoln : University of Nebraska Press, 1977.
Series:A Bison book
Subjects:

MARC

Tag First Indicator Second Indicator Subfields
LEADER 00000pam a2200000 i 4500
001 in00000039270
005 20151007081621.0
008 770414r19771965nbua b 00110 eng
010 |a  77007164  
020 |z 0803209347. 
020 |a 0803258712 (pbk.) 
035 |a (OCoLC)02929211 
035 |9 AAF6658AM 
040 |a DLC  |c DLC  |d TXA  |d UtOrBLW 
043 |a np----- 
049 |a TXAM  |c [1383126] 
050 1 0 |a E99.P3  |b W45 1977 
082 0 |a 970/.004/97 
100 1 |a Weltfish, Gene,  |d 1902-1980. 
245 1 4 |a The lost universe :  |b Pawnee life and culture /  |c Gene Weltfish. 
264 1 |a Lincoln :  |b University of Nebraska Press,  |c 1977. 
300 |a xx, 506 pages :  |b illustrations ;  |c 23 cm. 
336 |a text  |b txt  |2 rdacontent 
337 |a unmediated  |b n  |2 rdamedia 
338 |a volume  |b nc  |2 rdacarrier 
490 0 |a A Bison book 
500 |a Reprint of the 1965 edition published by Basic Books, New York, under title: The lost universe, with a closing chapter on The universe regained. 
500 |a Includes index. 
504 |a Bibliography: pages 480-491. 
650 0 |a Pawnee Indians. 
999 |a MARS 
999 f f |s 899f8622-af26-353a-beb9-c754d58888fd  |i 6d41ea0f-0f70-3ea9-886c-b72d5c9c7059  |t 0 
952 f f |p normal  |a Texas A&M University  |b College Station  |c Sterling C. Evans Library  |d Evans: Library Stacks  |t 0  |e E99.P3 W45 1977  |h Library of Congress classification  |i unmediated -- volume  |m A14802144815 
998 f f |a E99.P3 W45 1977  |t 0  |l Evans: Library Stacks